[Event "25th Zadar Open 2018"]
[Site "Zadar"]
[Date "2018.12.20"]
[Round "7.25"]
[White "Blagojevic, Tijana"]
[Black "Samani, Yamac"]
[Result "1/2-1/2"]
[WhiteElo "2208"]
[BlackElo "2267"]
[Annotator "NA"]
[PlyCount "69"]
[EventDate "2018.12.15"]
[EventType "swiss"]
[EventCountry "CRO"]
[SourceTitle "playchess.com"]
[Source "ChessBase"]
[SourceQuality "1"]
[TimeControl "40/5400+30:1800+30"]

1. e4 {[%emt 0:00:30]} e6 {[%emt 0:00:30]} 2. Nf3 {[%emt 0:00:00]} d5 {[%emt 0:02:30]} 3. Nc3 {[%emt 0:00:00]} Nf6 {[%emt 0:00:30]} 4. e5 {[%emt 0:00:30]} Nfd7 {[%emt 0:00:30]} 5. Ne2 {[%emt 0:00:30]} c5 {[%emt 0:04:30]} 6. c3 {[%emt 0:00:00]} Nc6 {[%emt 0:03:30]} 7. d4 {[%emt 0:03:00]} Be7 {[%emt 0:02:30]} 8. Nf4 {[%emt 0:00:30] C11: French: Classical System: 4 e5 and 4 Bg5 dxe4} Qa5 {[%emt 0:04:30]} 9. a3 {[%emt 0:03:30]} c4 $146 {[%emt 0:05:30]} ({Predecessor:} 9... cxd4 10. b4 Qd8 11. cxd4 Nb6 12. Bd3 a6 13. Qc2 h6 14. Nh5 Kf8 15. Be3 Bd7 {1-0 (39) Fedorchuk,S (2666)-Tratar,M (2494) Warsaw 2013}) 10. h4 {[%emt 0:00:30]} b5 {[%emt 0:03:30]} 11. Bd2 {[%emt 0:03:30]} h6 {[%emt 0:02:30]} 12. b4 {[%emt 0:11:30]} Qa4 {[%emt 0:05:30]} 13. Qxa4 {[%emt 0:02:30]} bxa4 {[%emt 0:00:30]} 14. Be2 {[%emt 0:00:30]} Nb6 {[%emt 0:08:30]} 15. Bd1 {[%emt 0:00:30]} Bd7 {[%emt 0:02:30]} 16. Bc2 {[%emt 0:00:30]} O-O-O {[%emt 0:05:30]} 17. Ke2 {[%emt 0:06:30]} g6 {[%emt 0:07:30]} 18. Rag1 {[%emt 0:03:30]} Kc7 {[%emt 0:02:30]} 19. g4 {[%emt 0:06:30]} a5 {[%emt 0:02:30]} 20. Kd1 {[%emt 0:08:30]} axb4 {[%emt 0:00:30]} 21. axb4 {[%emt 0:02:30]} Ra8 {[%emt 0:01:30]} 22. Bb1 {[%emt 0:01:30]} a3 {[%emt 0:01:30]} 23. Ba2 {[%emt 0:00:00]} Na7 {[%emt 0:01:30]} 24. Kc1 {[%emt 0:00:00]} Ba4 {[%emt 0:04:30]} 25. Kb1 {[%emt 0:00:30]} Nb5 {[%emt 0:00:30]} 26. Ne2 $17 {[%emt 0:00:30]} Bb3 {[%emt 0:02:30]} 27. Rg3 {[%emt 0:12:30]} Na4 {[%emt 0:03:30]} 28. h5 {[%emt 0:09:30]} g5 {[%emt 0:01:30]} 29. Nh2 {[%emt 0:01:30]} Nb2 {[%emt 0:03:56]} 30. Nc1 {[%emt 0:00:30]} Bd1 {[%emt 0:02:04]} 31. Rf1 {[%emt 0:00:30]} Kd7 {[%emt 0:10:26]} 32. Ka1 {[%emt 0:00:30]} Kc7 {[%emt 0:00:04]} 33. Kb1 {[%emt 0:00:00]} Kd7 {[%emt 0:00:01]} 34. Ka1 {[%emt 0:00:00]} Kc7 {[%emt 0:00:06]} 35. Kb1 {[%emt 0:00:00]} 1/2-1/2

[Event "25th Zadar Open 2018"]
[Site "Zadar"]
[Date "2018.12.20"]
[Round "7.26"]
[White "Chan, Kim Yew"]
[Black "Cebalo, Miso"]
[Result "1/2-1/2"]
[WhiteElo "2175"]
[BlackElo "2262"]
[Annotator "NA"]
[PlyCount "62"]
[EventDate "2018.12.15"]
[EventType "swiss"]
[EventCountry "CRO"]
[SourceTitle "playchess.com"]
[Source "ChessBase"]
[SourceQuality "1"]
[TimeControl "40/5400+30:1800+30"]

1. Nf3 {[%emt 0:00:30]} Nf6 {[%emt 0:00:30]} 2. c4 {[%emt 0:00:00]} c5 {[%emt 0:00:30]} 3. g3 {[%emt 0:00:00]} g6 {[%emt 0:00:30]} 4. Bg2 {[%emt 0:00:00]} Bg7 {[%emt 0:00:30]} 5. Nc3 {[%emt 0:00:00]} Nc6 {[%emt 0:00:00]} 6. O-O {[%emt 0:00:30]} d6 {[%emt 0:00:00]} 7. d4 {[%emt 0:00:30]} cxd4 {[%emt 0:01:30] LiveBook: 225 Games} 8. Nxd4 {[%emt 0:00:30]} Bd7 {[%emt 0:00:00]} 9. Nc2 {[%emt 0:00:00]} h5 {[%emt 0:01:00] A31: Symmetrical English: 2 Nf3 Nf6 3 d4} 10. h4 {[%emt 0:01:00]} Rc8 {[%emt 0:00:30]} (10... Qc8 11. b3 Bh3 12. Bb2 O-O 13. Ne3 Bxg2 14. Kxg2 Re8 15. Qd2 Ne5 16. Rac1 b6 17. Ncd5 {0-1 (51) Meier,G (2639)-Le,Q (2715) chess.com INT 2018}) 11. b3 {[%emt 0:00:30]} O-O {[%emt 0:00:00]} 12. Bb2 {[%emt 0:01:30]} Ng4 {[%emt 0:01:00]} 13. Rb1 {[%emt 0:14:30] [#]} Be6 $146 {[%emt 0:06:30]} ({Predecessor:} 13... Qa5 14. Nd5 Bxb2 15. Rxb2 Be6 16. Nf4 Bf5 17. Bd5 {½-½ (25) Nyvlt,Z (2430)-Voiculescu,C (2525) ICCF email 2012}) 14. Nd5 {[%emt 0:05:30]} Bxd5 {[%emt 0:05:30]} 15. Qxd5 {[%emt 0:03:30]} Bxb2 {[%emt 0:02:30]} 16. Rxb2 {[%emt 0:00:30]} e6 {[%emt 0:01:30]} 17. Qd2 {[%emt 0:02:30]} Qf6 {[%emt 0:00:00]} 18. Rbb1 {[%emt 0:01:30]} Rfd8 {[%emt 0:01:00]} 19. Rbd1 {[%emt 0:16:30]} Kg7 {[%emt 0:05:30]} 20. e3 {[%emt 0:04:30]} b6 {[%emt 0:07:30]} 21. Qe2 {[%emt 0:06:30]} Ne7 {[%emt 0:05:30]} 22. Rd2 {[%emt 0:01:30]} Rc7 {[%emt 0:00:30]} 23. Rfd1 {[%emt 0:00:00]} Rcd7 {[%emt 0:00:30]} 24. Nb4 {[%emt 0:05:00]} ({White should try} 24. f3 $16 Nh6 25. e4) 24... Ne5 {[%emt 0:08:30]} 25. Nd3 {[%emt 0:07:30]} d5 $11 {[%emt 0:06:30]} 26. Nxe5 {[%emt 0:05:30]} Qxe5 {[%emt 0:01:30]} 27. cxd5 {[%emt 0:08:17]} Nxd5 {[%emt 0:01:30]} 28. Bxd5 {[%emt 0:00:12]} Rxd5 {[%emt 0:00:00]} 29. Rxd5 {[%emt 0:00:13]} Rxd5 {[%emt 0:00:00]} 30. Rxd5 {[%emt 0:00:18]} Qxd5 {[%emt 0:00:30]} 31. Qb2+ {[%emt 0:00:05]} e5 {[%emt 0:02:30]} 1/2-1/2

[Event "25th Zadar Open 2018"]
[Site "Zadar"]
[Date "2018.12.20"]
[Round "7.27"]
[White "Zelic, Mladen"]
[Black "Jeet, Jain"]
[Result "0-1"]
[WhiteElo "2274"]
[BlackElo "2212"]
[Annotator "NA"]
[PlyCount "68"]
[EventDate "2018.12.15"]
[EventType "swiss"]
[EventCountry "CRO"]
[SourceTitle "playchess.com"]
[Source "ChessBase"]
[SourceQuality "1"]
[TimeControl "40/5400+30:1800+30"]

1. e4 {[%emt 0:00:30]} e5 {[%emt 0:00:30]} 2. f4 {[%emt 0:00:00]} exf4 {[%emt 0:00:30]} 3. Nf3 {[%emt 0:00:00]} Nf6 {[%emt 0:00:00]} 4. Nc3 {[%emt 0:01:30]} d5 {[%emt 0:00:00]} 5. exd5 {[%emt 0:00:30]} Nxd5 {[%emt 0:00:30]} 6. Nxd5 {[%emt 0:00:30]} Qxd5 {[%emt 0:00:00]} 7. d4 {[%emt 0:00:00]} Be7 {[%emt 0:01:00] LiveBook: 16 Games} 8. Bd3 {[%emt 0:00:00]} Qe6+ {[%emt 0:14:30]} 9. Kf2 {[%emt 0:09:30]} Qf6 {[%emt 0:01:30]} 10. Re1 {[%emt 0:03:30]} Bg4 {[%emt 0:02:30]} 11. c3 {[%emt 0:14:30]} O-O {[%emt 0:02:30]} 12. Kf1 {[%emt 0:34:30]} Nc6 {[%emt 0:01:30]} 13. b3 {[%emt 0:11:49]} Bd6 {[%emt 0:01:30]} 14. Bb2 {[%emt 0:00:11]} Ne7 {[%emt 0:11:30]} 15. c4 $17 {[%emt 0:04:21]} c6 {[%emt 0:04:30]} 16. Qd2 {[%emt 0:04:32]} Bxf3 {[%emt 0:06:30]} 17. gxf3 {[%emt 0:00:09]} Nf5 {[%emt 0:01:30]} 18. Bxf5 {[%emt 0:01:26]} Qxf5 {[%emt 0:00:00]} 19. Re4 {[%emt 0:00:09]} Rae8 {[%emt 0:01:00]} 20. Rae1 {[%emt 0:00:07]} Re6 {[%emt 0:00:30]} 21. c5 {[%emt 0:09:51]} Bc7 {[%emt 0:02:30]} 22. Rxe6 {[%emt 0:01:14]} fxe6 {[%emt 0:00:00]} 23. Re2 {[%emt 0:01:59]} Qh3+ {[%emt 0:01:00]} 24. Rg2 {[%emt 0:00:26]} Qxf3+ {[%emt 0:00:30]} 25. Kg1 {[%emt 0:00:20]} e5 {[%emt 0:00:30]} 26. Rf2 {[%emt 0:00:25]} Qe4 {[%emt 0:03:30]} 27. Re2 {[%emt 0:00:43]} Qg6+ {[%emt 0:00:30]} 28. Rg2 {[%emt 0:00:25]} Qb1+ {[%emt 0:00:30]} 29. Kf2 {[%emt 0:00:02]} e4 {[%emt 0:00:30]} 30. Rxg7+ {[%emt 0:00:57]} Kxg7 {[%emt 0:00:30]} 31. d5+ {[%emt 0:00:01]} Kg6 {[%emt 0:02:30]} 32. Qc3 {[%emt 0:00:20]} e3+ {[%emt 0:00:30]} 33. Ke2 {[%emt 0:00:37]} f3+ {[%emt 0:00:00]} 34. Kxe3 {[%emt 0:00:15]} Re8+ {[%emt 0:00:00]} 0-1

[Event "25th Zadar Open 2018"]
[Site "Zadar"]
[Date "2018.12.21"]
[Round "8.1"]
[White "Rakesh Kumar Jena"]
[Black "Omelja, Artem"]
[Result "1/2-1/2"]
[WhiteElo "2398"]
[BlackElo "2457"]
[Annotator "ChessBase"]
[PlyCount "39"]
[EventDate "2018.12.15"]
[EventType "swiss"]
[EventCountry "CRO"]
[SourceTitle "playchess.com"]
[Source "ChessBase"]
[SourceQuality "1"]
[TimeControl "40/5400+30:1800+30"]

1. d4 {[%emt 0:00:30]} Nf6 {[%emt 0:00:30]} 2. Bf4 {[%emt 0:00:00]} e6 {[%emt 0:00:30]} 3. e3 {[%emt 0:00:00]} d5 {[%emt 0:00:30]} 4. Nf3 {[%emt 0:00:30]} Bd6 {[%emt 0:00:30]} 5. Bg3 {[%emt 0:00:30]} O-O {[%emt 0:00:30]} 6. Nbd2 {[%emt 0:00:30]} c5 {[%emt 0:01:30]} 7. c3 {[%emt 0:00:30]} Qc7 {[%emt 0:00:30]} 8. Bd3 {[%emt 0:17:30]} Nbd7 {[%emt 0:00:30]} 9. Qe2 {[%emt 0:02:30]} e5 {[%emt 0:02:30]} 10. dxe5 {[%emt 0:00:30]} Nxe5 {[%emt 0:00:30]} 11. Nxe5 {[%emt 0:00:00]} Bxe5 {[%emt 0:00:00]} 12. O-O-O {[%emt 0:02:00]} Re8 {[%emt 0:13:00]} 13. Nf3 {[%emt 0:10:30]} Bg4 {[%emt 0:08:30]} 14. Qc2 {[%emt 0:01:30]} Bxg3 {[%emt 0:03:30]} 15. hxg3 {[%emt 0:00:30]} h6 {[%emt 0:00:30]} 16. Kb1 {[%emt 0:07:30]} Rad8 {[%emt 0:01:30]} 17. Rh4 {[%emt 0:01:30]} Qc8 {[%emt 0:05:30]} 18. Ka1 {[%emt 0:34:42]} Qe6 {[%emt 0:02:30]} 19. Rdh1 {[%emt 0:03:03]} c4 {[%emt 0:22:30]} 20. Be2 {[%emt 0:00:27]} 1/2-1/2

[Event "25th Zadar Open 2018"]
[Site "Zadar"]
[Date "2018.12.21"]
[Round "8.2"]
[White "Krzyzanowski, Marcin"]
[Black "Petrov, Nikita"]
[Result "1-0"]
[WhiteElo "2491"]
[BlackElo "2593"]
[Annotator "TA"]
[PlyCount "103"]
[EventDate "2018.12.15"]
[EventType "swiss"]
[EventCountry "CRO"]
[SourceTitle "playchess.com"]
[Source "ChessBase"]
[SourceQuality "1"]

{[%evp 12,103,6,7,8,-4,12,0,8,0,14,12,12,12,11,10,8,0,19,15,22,0,12,18,29,21,30,30,41,42,39,37,323,322,306,308,278,258,258,258,253,253,242,225,220,167,164,168,194,194,192,184,183,183,183,183,183,183,246,238,284,294,292,292,426,426,433,430,385,389,503,503,498,503,503,498,496,496,489,485,617,613,605,597,597,570,2021,2024,29972,29964,29964,29963,5404,5404]} 1. d4 Nf6 2. Bf4 d5 3. Nf3 e6 4. e3 Bd6 5. Nbd2 O-O 6. c3 {D02: 1 d4 d5 2 Nf3 sidelines, including 2...Nf6 3 g3 and 2...Nf6 3 Bf4} (6. Bd3 c5 7. c3 Nc6 8. Bg3 b6 9. e4 Be7 10. e5 Nh5 11. Nf1 cxd4 12. Nxd4 Nxd4 13. cxd4 g6 14. Ne3 f5 15. exf6 Bxf6 16. Be2 Nxg3 17. hxg3 {½-½ (37) Nakamura,H (2787)-Svidler,P (2760) Moscow 2018}) 6... Bxf4 7. exf4 {LiveBook: 4 Games} b6 8. h4 $146 {The position is equal.} ({Predecessor:} 8. Ne5 a5 9. h4 Ba6 10. Bxa6 Nxa6 11. h5 c5 12. g4 Ne4 13. Qe2 cxd4 14. cxd4 {0-1 (45) Neelash,S (2319)-Gorti,A (2255) Sitges 2018}) 8... c5 9. Ne5 Qd6 10. a3 Ne4 11. Bd3 Nxd2 12. Qxd2 Ba6 13. Bxa6 Nxa6 14. h5 f6 15. Nf3 cxd4 16. cxd4 Rac8 17. O-O Rc6 18. Rfe1 Rfc8 19. Re2 Nc7 20. Rae1 Qf8 {[#]} 21. f5 $1 {[%mdl 512]} exf5 $2 {[%mdl 8192]} (21... Qf7 $14) 22. Nh4 $1 $18 {[%cal Rh4f5]} Qf7 23. Nxf5 Ne6 24. h6 {Strongly threatening hxg7.} g6 {[#]} 25. Ng7 $1 {[%mdl 512]} Nxg7 {[#]} 26. Re7 $1 {[%cal Re7f7]} ({Worse is} 26. hxg7 R6c7 $11) 26... Ne6 27. Rxf7 Kxf7 28. Qe3 Re8 29. Qf3 Rd6 30. Qc3 Re7 31. Qb4 $36 {[%mdl 2048] White is really pushing.} Rc6 32. b3 Rd7 33. a4 {[%cal Ba3a4,Ba4a5][%mdl 32]} Rc2 34. a5 Rc6 (34... bxa5 $142 35. Qb8 (35. Qxa5 Nxd4 36. Qa4 {[%mdl 64] Double Attack} Nc6 $16) 35... Nd8) 35. Qb5 Rcd6 36. axb6 axb6 37. Qb4 g5 (37... Nc7 {keeps fighting.} 38. Ra1 f5) 38. Qc3 Re7 39. Qc2 Nf8 40. Ra1 Rde6 41. Ra8 Re8 42. Rxe8 Kxe8 {[%mdl 4096] Endgame KQ-KRN} 43. Qc8+ Ke7 44. Qb7+ Nd7 45. Qxd5 Nf8 46. g3 {[%cal Bg2g3,Bg3f4][%mdl 32]} Re1+ 47. Kg2 Re6 48. Qc4 Nd7 49. d5 {[%cal Bd4d5,Bd5d6][%mdl 32]} Re5 50. f4 gxf4 51. gxf4 Re3 {[#]} 52. d6+ $1 {Accuracy: White = 81%, Black = 46%.} 1-0

[Event "25th Zadar Open 2018"]
[Site "Zadar"]
[Date "2018.12.21"]
[Round "8.3"]
[White "Rezan, Sasa"]
[Black "Brkic, Ante"]
[Result "1/2-1/2"]
[WhiteElo "2421"]
[BlackElo "2563"]
[Annotator "TA"]
[PlyCount "36"]
[EventDate "2018.12.15"]
[EventType "swiss"]
[EventCountry "CRO"]
[SourceTitle "playchess.com"]
[Source "ChessBase"]
[SourceQuality "1"]

{[%evp 30,36,-4,-6,0,0,0,-2,0]} 1. d4 Nf6 2. Nf3 d5 3. c4 e6 4. Bg5 Bb4+ 5. Nc3 h6 6. Bxf6 Qxf6 7. e3 O-O 8. Rc1 dxc4 9. Bxc4 c5 10. O-O cxd4 11. Nxd4 Bd7 {[%cal Bc8d7,Bd7c6,Bc6d5][%mdl 32] D38: Queen's Gambit Declined: Ragozin Defence (4 Nf3 Bb4)} 12. Qb3 Nc6 13. Nxc6 Bxc3 14. Rxc3 Bxc6 15. Bb5 {[#]} Bd5 $146 16. Bc4 {LiveBook: 23 Games. The position is equal.} Bc6 17. Bb5 Bd5 18. Bc4 Bc6 1/2-1/2

[Event "25th Zadar Open 2018"]
[Site "Zadar"]
[Date "2018.12.21"]
[Round "8.4"]
[White "Loiseau, Quentin"]
[Black "Blagojevic, Dragisa"]
[Result "0-1"]
[WhiteElo "2443"]
[BlackElo "2497"]
[Annotator "TA"]
[PlyCount "144"]
[EventDate "2018.12.15"]
[EventType "swiss"]
[EventCountry "CRO"]
[SourceTitle "playchess.com"]
[Source "ChessBase"]
[SourceQuality "1"]

{[%evp 24,144,37,22,72,13,31,35,24,6,2,19,59,59,125,106,115,-32,-40,-67,-62,-51,-51,-68,-66,-64,-53,-61,-51,-57,-46,-66,-70,-72,-53,-50,-55,-58,0,0,-2,-155,-115,-122,-133,-146,-133,-147,-147,-147,-147,-163,-148,-206,-165,-155,-154,-493,-429,-511,-516,-477,-477,-630,-560,-619,-605,-655,-649,-627,-607,-583,-568,-583,-606,-597,-642,-628,-644,-585,-502,-462,-491,-465,-398,-433,-393,-381,-344,-399,-390,-396,-364,-364,-400,-354,-331,-839,-820,-911,-845,-1827,-1537,-2475,-2124,-5065,-3889,-29977,-29978,-29978,-29979,-29978,-29979,-29981,-29981,-29988,-29989,-29989,-29990,-29990,-29991,-29991,-29992]} 1. e4 e5 2. Nf3 Nc6 3. Bb5 a6 4. Ba4 Nf6 5. O-O Be7 6. d3 d6 7. c3 O-O 8. Re1 b5 9. Bc2 Re8 10. Nbd2 {C84: Closed Ruy Lopez: Unusual White 6th moves} Bf8 11. Nf1 Bb7 12. Ng3 Nb8 13. h3 {[#] LiveBook: 4 Games} d5 $146 ({Predecessor:} 13... Nbd7 14. d4 g6 15. Bg5 h6 16. Bd2 Bg7 17. Rc1 c6 18. Bb1 Qc7 19. h4 h5 20. Bg5 Nh7 21. Be3 Ndf6 22. Nh2 Rad8 23. f4 exf4 24. Bxf4 c5 {0-1 (45) Najer,E (2626)-Bruzon Batista,L (2698) Tromsoe 2013}) 14. exd5 (14. d4 $16) 14... Qxd5 $11 15. Bb3 Qc6 $1 16. Ne4 h6 17. Nh4 Nxe4 18. dxe4 Qf6 (18... Qd7 $1 $14) 19. Qh5 $1 $16 {Black must now prevent Bxh6!} c5 {[%cal Bc7c5,Bc5c4][%mdl 32] [#]} 20. Re3 (20. Bg5 $1 $16 {[%cal Rg5f6]} g6 21. Bxf6 gxh5 22. Nf5) 20... c4 $15 21. Rf3 Qe6 $1 22. Bc2 g6 23. Rg3 {[%cal Rh4g6] And now Nxg6! would win.} Kh7 $1 24. Qe2 Nd7 25. Nf3 {[%cal Bh4f3,Bf3h2,Bh2g4,Bg4e3][%mdl 32]} Nf6 26. Nh2 Bg7 27. Ng4 Nh5 28. Rf3 {[#]} Nf4 $1 {[%mdl 512]} 29. Bxf4 exf4 30. Rxf4 f5 (30... h5 $15 31. Ne3 Kg8) 31. Ne3 $11 {[%cal Re4f5]} fxe4 {next ...h5 is good for Black.} 32. Rd1 $2 (32. Qg4 $1 $11) 32... Be5 $36 {[%mdl 2048] Black is on the roll.} 33. Rg4 {[#]} Rad8 $1 34. Rxd8 Rxd8 35. Nf1 h5 36. Rxe4 Bxe4 37. Qxe4 Re8 38. g3 (38. Nd2 $17 {is a better defense.}) 38... Kg7 39. Kg2 Qf7 {aiming for ...Bxc3!} 40. Qc6 $2 {[#]} (40. Qf3 $17) 40... Bxc3 $1 {[%mdl 512]} 41. bxc3 Re2 $1 {[%csl LRc2,LRf2][%mdl 64] Double Attack} 42. Qc5 Rxc2 $19 {[%mdl 4096] Endgame KQR-KQN} 43. g4 hxg4 44. hxg4 Rxc3 45. Qe5+ Qf6 46. Qc7+ Kg8 47. Qc8+ Qf8 48. Qc6 Qf7 49. Ne3 Rd3 50. g5 Kg7 51. Qe4 Rd8 52. Qe5+ Kf8 53. Kg1 Re8 54. Qd6+ Re7 55. Nd5 Qe6 56. Qf4+ Qf5 57. Nxe7 Kxe7 {KQ-KQ} (57... Qxf4 $2 {loses.} 58. Nxg6+ Kf7 59. Nxf4 $18) 58. Qc7+ Ke6 59. Qb6+ Kd5 60. Qxa6 $2 (60. Qd8+ Ke5 61. Kg2) 60... Qxg5+ 61. Kf1 Kd4 62. a4 b4 {[%cal Bb5b4,Bb4b3,Bb3b2][%mdl 32]} 63. Qb6+ Qc5 64. Qf6+ Qe5 65. Qb6+ Kc3 {Black mates.} 66. a5 b3 67. a6 b2 68. a7 Qe4 69. Qa5+ Kd3 {[%cal Re4h1]} 70. Qa3+ c3 {[%cal Re4h1]} 71. Qa6+ Kd2 {[%cal Rb2b1]} 72. Qd6+ Kc2 {Accuracy: White = 37%, Black = 71%.} 0-1

[Event "25th Zadar Open 2018"]
[Site "Zadar"]
[Date "2018.12.21"]
[Round "8.5"]
[White "Cvitan, Ognjen"]
[Black "Salimova, Nurgyul"]
[Result "1/2-1/2"]
[WhiteElo "2503"]
[BlackElo "2377"]
[Annotator "ChessBase"]
[PlyCount "48"]
[EventDate "2018.12.15"]
[EventType "swiss"]
[EventCountry "CRO"]
[SourceTitle "playchess.com"]
[Source "ChessBase"]
[SourceQuality "1"]
[TimeControl "40/5400+30:1800+30"]

1. Nf3 {[%emt 0:00:30]} d5 {[%emt 0:00:30]} 2. d4 {[%emt 0:00:30]} Nf6 {[%emt 0:00:30]} 3. c4 {[%emt 0:00:30]} e6 {[%emt 0:00:30]} 4. Nc3 {[%emt 0:01:30]} c6 {[%emt 0:01:30]} 5. e3 {[%emt 0:02:30]} Nbd7 {[%emt 0:00:30]} 6. Qc2 {[%emt 0:00:30]} Bd6 {[%emt 0:00:00]} 7. b3 {[%emt 0:00:30]} O-O {[%emt 0:01:00]} 8. Be2 {[%emt 0:00:30]} b6 {[%emt 0:04:30]} 9. O-O {[%emt 0:01:30]} Bb7 {[%emt 0:00:00]} 10. Bb2 {[%emt 0:01:30]} Rc8 {[%emt 0:01:00]} 11. Rad1 {[%emt 0:04:30]} Qe7 {[%emt 0:04:30]} 12. e4 {[%emt 0:03:30]} dxe4 {[%emt 0:00:30]} 13. Nxe4 {[%emt 0:06:30]} Nxe4 {[%emt 0:05:30]} 14. Qxe4 {[%emt 0:00:30]} Nf6 {[%emt 0:00:00]} 15. Qh4 {[%emt 0:13:30]} c5 {[%emt 0:24:00]} 16. d5 {[%emt 0:07:30]} exd5 {[%emt 0:07:30]} 17. Bxf6 {[%emt 0:01:30]} Qxf6 {[%emt 0:00:30]} 18. Qxf6 {[%emt 0:00:30]} gxf6 {[%emt 0:00:30]} 19. cxd5 {[%emt 0:00:00]} Rfe8 {[%emt 0:01:30]} 20. Bc4 {[%emt 0:01:00]} Rcd8 {[%emt 0:02:30]} 21. g3 {[%emt 0:04:30]} Bc8 {[%emt 0:03:30]} 22. Kg2 {[%emt 0:03:30]} Bg4 {[%emt 0:06:30]} 23. h3 {[%emt 0:01:30]} Bxf3+ {[%emt 0:00:30]} 24. Kxf3 {[%emt 0:00:30]} Re5 {[%emt 0:00:30]} 1/2-1/2

[Event "25th Zadar Open 2018"]
[Site "Zadar"]
[Date "2018.12.21"]
[Round "8.6"]
[White "Djukic, Nikola"]
[Black "Bukal, Vladimir Jr."]
[Result "1-0"]
[WhiteElo "2574"]
[BlackElo "2390"]
[Annotator "TA"]
[PlyCount "67"]
[EventDate "2018.12.15"]
[EventType "swiss"]
[EventCountry "CRO"]
[SourceTitle "playchess.com"]
[Source "ChessBase"]
[SourceQuality "1"]

{[%evp 11,67,48,57,0,30,-7,7,-4,7,-16,14,20,39,33,17,0,249,261,261,263,252,162,170,-4,-11,-7,-12,0,97,88,115,114,117,110,101,80,176,132,553,571,564,565,558,558,834,819,970,947,963,956,942,933,1376,1364,1879,1856,1435,900]} 1. e4 d5 2. exd5 Qxd5 3. Nc3 Qa5 4. d4 Nf6 5. Bc4 Bg4 6. f3 Bd7 {LiveBook: 17 Games. B01: Scandinavian Defence} 7. Qe2 (7. Bd2 $14 Qb6 8. Nge2) (7. Nge2 e6 8. Bd2 Qb6 9. a4 a5 10. O-O Be7 11. Be3 O-O 12. Qd2 Bc6 13. Ng3 Qb4 14. Bd3 {½-½ (81) Naiditsch,A (2673)-Van Wely,L (2653) Jurmala 2016}) 7... Qb6 $146 (7... Nc6 {seems wilder.} 8. Be3 O-O-O 9. d5 Nb4 10. O-O-O Bf5) ({Predecessor:} 7... c6 8. Bd2 Qh5 9. O-O-O b5 10. Bd3 b4 11. Ne4 Qa5 12. Nd6+ Kd8 13. Nb7+ {1-0 (13) Fiorito,F (2470)-Villalba,H (2220) Buenos Aires 1997}) 8. Qe3 e6 {The position is equal.} 9. Nge2 Nc6 10. Bd2 Na5 11. Bd3 c5 12. dxc5 Bxc5 13. Qg5 Bf2+ $2 (13... O-O $11) 14. Kf1 $18 h6 15. Qxg7 Bh4 {[%csl Gh4][%cal Rb6f2] [#]} 16. g3 Ke7 17. Bg6 $2 ({Better is} 17. Nf4 $18 Rag8 18. Re1 (18. Ng6+ Ke8 $15)) 17... Raf8 $1 $11 18. gxh4 Nc4 $1 {[%cal Rc4d2]} 19. Rd1 {[%cal Ba1d1,Bd1d2,Bd2e2][%mdl 32]} ({Reject} 19. Bxh6 Rhg8 $17) 19... Nxd2+ (19... Rhg8 $11 {remains equal.} 20. Qxh6 Rxg6) 20. Rxd2 $16 Rhg8 21. Qxh6 Rxg6 22. Qf4 Rh8 23. Ng3 {aiming for h5!} Qc5 (23... Kf8 $16) 24. h5 e5 $2 {[%mdl 8192]} (24... Bb5+ $16 25. Ke1 (25. Nxb5 Nxh5 26. Qh4+ f6 $14) 25... Rxh5) 25. Re2 $18 {White is clearly winning.} (25. Nd5+ Kf8 $16) 25... Bh3+ 26. Ke1 Nxh5 27. Qh4+ {[%mdl 64] [#] Double Attack} ({Weaker is} 27. Rxe5+ Qxe5+ 28. Qxe5+ Re6 $16) 27... f6 28. Qxh3 Nxg3 29. Qxh8 Nxe2 30. Qh7+ {[%mdl 64] Double Attack} Ke6 31. Qxg6 Nf4 32. Qe8+ Kf5 33. Qd7+ Kg6 34. Qd2 {Accuracy: White = 58%, Black = 43%.} 1-0